Corporate financial accounting (Record no. 359910)

MARC details
000 -LEADER
fixed length control field 00563 a2200217 4500
005 - DATE & TIME
control field 20250421154243.0
008 - FIXED-LENGTH DATA ELEMENTS--GENERAL INFORMATION
fixed length control field 250421b |||||||| |||| 00| 0 eng d
020 ## - ISBN
International Standard Book Number 9789360536930
Price Rs. 1250.00
040 ## - CATALOGING SOURCE
Original cataloging agency VIVEKANANDA LIBRARY
082 ## - DDC NUMBER
Classification number 657.95
Book Number W251C
100 ## - MAIN ENTRY--PERSONAL NAME
Personal name Warren, Carl S
245 ## - TITLE STATEMENT
Title Corporate financial accounting
250 ## - EDITION STATEMENT
Edition statement 16th
260 ## - PUBLICATION, DISTRIBUTION, ETC. (IMPRINT)
Name of publisher, distributor, etc Cengage Learning India
Place of publication, distribution, etc Delhi
Date of publication, distribution, etc 2024
300 ## - PHYSICAL DESCRIPTION
Pages xix, 760
650 ## - Subject
Subject Management
650 ## - Subject
General subdivision Corporate Financial
650 ## - Subject
General subdivision Financial Accounting
700 ## - Added Entry Personal Name
Added Entry Personal Name Jones, Jefferson P
942 ## - ADDED ENTRY ELEMENTS (KOHA)
Koha item type Books
Holdings
Withdrawn status Lost status Source of classification or shelving scheme Damaged status Not for loan Location (home branch) Sublocation or collection (holding branch) Shelving location Date acquired Koha issues (times borrowed) Koha full call number Accession No. Koha date last seen Koha item type
    Dewey Decimal Classification     VIVEKANANDA LIBRARY VIVEKANANDA LIBRARY IMSAR Library 01/02/2025   657.95 W251C 420586 01/02/2025 Books
© Designed and Maintained by Vivekananda Library, MDU Rohtak